000 02054nam0a2200361 4500
001 RU\NLR\bibl\1747346
005 20260406224459.0
010 _a978-5-91746-020-8
_93000
035 _a(NLR Aleph) 001738234
090 _a1442768
_c1442768
100 _a20101005d2010 |||y0rusy50 ca
101 0 _arus
102 _aRU
105 _ay |||||||||
200 1 _aТромбоэмболия легочной артерии и тромбофилические состояния: современные принципы диагностики и лечения
_f[к.м.н. А.В. Никитин, д-ра мед. наук, профессора Н.П. Потехин, А.Н. Фурсов, д.м.н. С.А. Чернов
_gпод ред. д.м.н., проф. П.В. Ипатова]
_gМ-во обороны Рос. Федерации, Гл. воен. клин. госпиталь им. И.Н. Бурденко
210 _aМосква
_cМиклош
_d2010
215 _a119 с.
_d20
320 _aБиблиогр.: с. 114-119 (127 назв.)
606 1 _aЛегочная артерия
_xТромбоэмболия при тромбофилии
_92618234
_3RU\NLR\auth\661554794
686 _aР412.303.5-5
686 _aР411.023-7
686 _aР457.365.230.35-59
701 1 _4070
_8rus
_7ca
_aНикитин
_bА. В.
_cканд. мед. наук
_gАлександр Васильевич
_3RU\NLR\auth\7761543
_944473
701 1 _aПотехин
_bН. П.
_gНиколай Павлович
_4070
701 1 _aФурсов
_bА. Н.
_gАндрей Николаевич
_4070
701 1 _4070
_8rus
_7ca
_aЧернов
_bС.А.
_cд-р мед. наук
_gСергей Александрович
_3RU\NLR\auth\7734780
_917782
702 1 _aИпатов
_bП. В.
_4340
712 0 2 _4570
_aГлавный клинический военный госпиталь им. Н. Н. Бурденко
_cМосква
_3RU\NLR\AUTH\889980151
_9456592
801 0 _aRU
_bNLR
_c20101005
_gRCR
801 1 _aRU
_bNLR
_c20101005
942 _cBOOK
980 _aNB